000 00540nam a2200145 a 4500
008 120416s1994 ||||||||||||||||| || u
020 _a052144571x
050 _aHA 29 Fra
100 _aFrank, Harry
245 1 0 _aUser-Friendly workbook and ASP tutorial to accompany statistics
246 _aconcepts and applications
260 _aCambridge
_bThe University Press
_c1994
350 _a0.00
995 _D0.00
_FCBU-MAIN LIBRARY (Kitwe)
_H1
_I17.40
_ULOST
_ZMain Library Open Access Collection
999 _c61128
_d61128